Artículos políticos en El Piloto: 1839-1840
Uloženo v:
| Hlavní autor: | |
|---|---|
| Médium: | Kniha |
| Jazyk: | španělština |
| Vydáno: |
Pamplona
Universidad de Navarra
1992
|
| Edice: | Colección Histórica, 48
|
| Témata: | |
| Tagy: |
Přidat tag
Žádné tagy, Buďte první, kdo vytvoří štítek k tomuto záznamu!
|
MARC
| LEADER | 00000nam a2200000 a 4500 | ||
|---|---|---|---|
| 001 | UCM2886 | ||
| 003 | CL-VaPUC | ||
| 008 | 020621e19920000SP |||||||||||||||||spa|d | ||
| 082 | 0 | 4 | |a 320.946 |b DON |2 21 |
| 100 | 0 | |a Donoso Cortés, Juan |e author |9 393197 | |
| 245 | 1 | 0 | |a Artículos políticos en El Piloto: 1839-1840 |
| 300 | |a 746 p | ||
| 942 | |c BK | ||
| 945 | |d 20020621 00:00:00 |a vberengu | ||
| 260 | |a Pamplona |b Universidad de Navarra |c 1992 | ||
| 650 | 7 | |a POLITICA Y GOBIERNO 1833 - 1868 |2 CL-VaPUC |9 469587 | |
| 651 | 0 | |a España |9 254926 | |
| 583 | |a last modification |c 20020621 00:00:00 |k Rodrigo Vera | ||
| 490 | 0 | |a Colección Histórica, 48 | |
| 999 | |c 300502 |d 300500 | ||
| 952 | |0 0 |1 0 |4 0 |6 320_946000000000000_DON_1992 |7 0 |8 P |9 358358 |a BIBDER |b BIBDER |d 2019-11-21 |i 3816443 |o 320.946 DON 1992 |p 3816443 |r 2023-01-25 |w 2019-11-21 |y BK |k DER | ||